| 000 | 00568nam a22001937a 4500 | ||
|---|---|---|---|
| 003 | MPLRDC | ||
| 005 | 20220104203457.0 | ||
| 008 | 210129b ||||| |||| 00| 0 eng d | ||
| 020 | _a978-986-89586-4-7 | ||
| 082 | _a175.7 FRE-5 | ||
| 100 | _a佛洛伊德 SIGMUND FREUD | ||
| 245 |
_a佛洛伊德带你踏进人性禁区 _c文木 编著 |
||
| 250 | _a初版一刷 | ||
| 260 |
_a台湾 _b达人文创事业有限公司 _c2013 |
||
| 300 | _b平 | ||
| 520 | _a2018-05-25 原子笔记录--pg.部分页面。 | ||
| 650 | _a精神分析学 | ||
| 942 |
_cNB _o175.7 FRE-5 |
||
| 999 |
_c68149 _d68139 |
||